The essential LIncoln : (Record no. 110135)
[ view plain ]
| 000 -LEADER | |
|---|---|
| fixed length control field | 00490nam a22001697a 4500 |
| 003 - CONTROL NUMBER IDENTIFIER | |
| control field | BD-ChCU |
| 005 - DATE AND TIME OF LATEST TRANSACTION | |
| control field | 20251204110823.0 |
| 008 - FIXED-LENGTH DATA ELEMENTS--GENERAL INFORMATION | |
| fixed length control field | 251204b bg ||||| |||| 00| 0 ben d |
| 040 ## - CATALOGING SOURCE | |
| Transcribing agency | BD-ChCU |
| 082 ## - DEWEY DECIMAL CLASSIFICATION NUMBER | |
| Classification number | 320.92 LIS |
| 100 ## - MAIN ENTRY--PERSONAL NAME | |
| Personal name | Stearn , Gerald Emanuel . |
| 9 (RLIN) | 17496 |
| 245 ## - TITLE STATEMENT | |
| Title | The essential LIncoln : |
| Remainder of title | Selected writings . |
| Statement of responsibility, etc. | Gerald Emanuel , Stearn . |
| 260 ## - PUBLICATION, DISTRIBUTION, ETC. | |
| Place of publication, distribution, etc. | New York : |
| Name of publisher, distributor, etc. | Collier books , |
| Date of publication, distribution, etc. | C 1962 |
| 300 ## - PHYSICAL DESCRIPTION | |
| Extent | 476p |
| 650 #0 - SUBJECT ADDED ENTRY--TOPICAL TERM | |
| Topical term or geographic name entry element | Lincoln , Abraham . |
| 9 (RLIN) | 17497 |
| 942 ## - ADDED ENTRY ELEMENTS (KOHA) | |
| Source of classification or shelving scheme | Dewey Decimal Classification |
| Koha item type | Books |
| Suppress in OPAC | No |
| Withdrawn status | Lost status | Source of classification or shelving scheme | Damaged status | Not for loan | Home library | Current library | Shelving location | Date acquired | Source of acquisition | Total Checkouts | Full call number | Barcode | Date last seen | Copy number | Price effective from | Koha item type |
|---|---|---|---|---|---|---|---|---|---|---|---|---|---|---|---|---|
| Dewey Decimal Classification | Chittagong University Library | Chittagong University Library | Business and Social Science Reading Room | 12/04/2025 | Purchase | 320.92 LIS | 16360 | 12/04/2025 | C-1 | 12/04/2025 | Books | |||||
| Dewey Decimal Classification | Chittagong University Library | Chittagong University Library | Business and Social Science Reading Room | 12/04/2025 | Purchase | 320.92 LIS | 16381 | 12/04/2025 | C-2 | 12/04/2025 | Books |